Les jeux vidéos les plus joués par année depuis l'an 2000 - Statistiques

Statistiques générales
  • Ce quiz a été pris 197 fois
  • Le résultat moyen est 4 sur 69
Statistiques - réponses
Année Support Jeu Vidéo % Correct
2014 3éme Wii U Mario Kart 8
51%
2018 2éme PlayStation 4 God of War
37%
2010 1er PlayStation 3 Red Dead Redemption
31%
2013 1er PlayStation 3 The Last of Us
30%
2022 1er PlayStation 4 Elden Ring
28%
2013 2éme PlayStation 4 Grand Theft Auto V
26%
2017 1er Nintendo Switch The Legend of Zelda: Breath of the Wild
14%
2005 1er GameCube Resident Evil
12%
2002 1er GameCube Resident Evil
12%
2004 2éme PlayStation 2 Grand Theft Auto: San Andreas
11%
2011 3éme PlayStation 3 Dark Souls
10%
2016 3éme PC Doom
8%
2022 2éme PlayStation 4 God of War: Ragnarök
8%
2003 3éme GameCube Mario Kart: Double Dash!!
8%
2001 3éme GameCube Super Smash Bros. Melee
8%
2018 3éme Nintendo Switch Super Smash Bros. Ultimate
8%
2016 1er PC The Witcher 3
8%
2015 1er PC The Witcher 3
8%
2017 3éme Nintendo Switch Super Mario Odyssey
7%
2007 3éme Wii Super Mario Galaxy
6%
2008 2éme Wii Super Smash Bros. Brawl
6%
2009 2éme PlayStation 3 Uncharted 2
6%
2012 3éme PC Far Cry 3
5%
2007 1er PC Portal
5%
2018 1er PlayStation 4 Red Dead Redemption II
5%
2006 2éme GameCube The Legend of Zelda: Twilight Princess
5%
2011 1er PC Portal 2
4%
2019 2éme PC Resident Evil 2
4%
2015 2éme PC Undertale
4%
2019 3éme Nintendo Switch Fire Emblem
3%
2005 2éme GameCube Fire Emblem
3%
2004 3éme PC Half-Life 2
3%
2006 3éme PC Hitman
3%
2017 2éme PC Hollow Knight
3%
2021 1er PC It Takes Two
3%
2020 3éme PlayStation 4 The Last of Us Part II
3%
2000 1er Nintendo 64 The Legend of Zelda: Majora's Mask
3%
2011 2éme Nintendo 3DS The Legend of Zelda: Ocarina of Time
3%
2003 1er GameCube The Legend of Zelda: The Wind Waker
3%
2001 2éme PC Diablo II
2%
2020 1er Nintendo Switch Hades
2%
2009 3éme PC Assassin's Creed II
1%
2009 1er PlayStation 3 Batman
1%
2007 2éme PC BioShock
1%
2016 2éme PC Dark Souls III
1%
2020 2éme PlayStation 5 Demon's Souls
1%
2000 2éme PlayStation Final Fantasy IX
1%
2021 3éme PC Hitman 3
1%
2015 3éme PC Life is Strange
1%
2010 2éme PC Mass Effect 2
1%
2002 2éme PlayStation 2 Metal Gear Solid 2
1%
2006 1er PlayStation 2 Metal Gear Solid 3
1%
2004 1er PlayStation 2 Metal Gear Solid 3
1%
2008 3éme PlayStation 3 Metal Gear Solid 4
1%
2003 2éme GameCube Metroid Prime
1%
2019 1er PC Outer Wilds
1%
2021 2éme PlayStation 5 Returnal
1%
2001 1er PlayStation 2 Silent Hill 2
1%
2005 3éme PC Star Wars
1%
2012 1er PlayStation 3 The Walking Dead
1%
2002 3éme PC Warcraft III
1%
2022 3éme Nintendo Switch Xenoblade Chronicles 3
1%
2000 3éme PC Baldur's Gate II
0%
2014 1er Wii U Bayonetta 2
0%
2008 1er PlayStation 3 Dead Space
0%
2010 3éme PlayStation 3 God of War III
0%
2012 2éme PC Mass Effect 3
0%
2013 3éme PlayStation 4 Rayman Legends
0%
2014 2éme PC The Binding of Isaac: Rebirth
0%
Aucun quiz correspondant
Distribution des résultats
% des personnes avec chaque résultat
Percentile par nombre de réponses
Votre historique - résultats
Vous n’avez pas pris ce quiz